| 000 | 01030 a2200229 4500 | ||
|---|---|---|---|
| 999 |
_c5123 _d5123 |
||
| 020 | _a1573225088 | ||
| 050 | 0 | 0 | _aPQ2601 ANO 1995 |
| 100 | 1 |
_aAnouilh, Jean, _d1910-1987. _eauthor |
|
| 245 | 1 | 0 |
_aBecket or The honor of God / _cJean Anouilh ; translated by Lucienne Hill ; foreword by Andr Ǎciman. |
| 250 | _a1st Riverhead ed. | ||
| 264 |
_aNew York : _bRiverhead Books, _c1995. |
||
| 300 | _axix, 118 p. ; | ||
| 500 | _aFiction | ||
| 650 | _aThomas, B̉ecket, Saint, 1118?-1170. -- Drama. | ||
| 650 | _aGreat Britain -- History -- Henry II, 1154-1189 -- Drama. | ||
| 651 | 0 | _aGreat Britain | |
| 700 | 1 |
_aHill, Lucienne. _etranslator |
|
| 856 | 4 | 2 |
_3Publisher description _uhttp://www.loc.gov/catdir/enhancements/fy1207/95037241-d.html |
| 856 | 4 | 2 |
_3Contributor biographical information _uhttp://www.loc.gov/catdir/enhancements/fy1306/95037241-b.html |
| 942 |
_2lcc _cBK _h2601 _iANO _kPQ |
||